| 000 | 01148nam0a2200337 4500 | ||
|---|---|---|---|
| 001 | RU\NLR\bibl\108672 | ||
| 005 | 20260406055804.0 | ||
| 010 |
_a5-89616-022-4 _925000 |
||
| 021 |
_aRU _b2000-15878п _9583п |
||
| 035 | _a(NLR Aleph) 000106362 | ||
| 090 |
_a602235 _c602235 |
||
| 100 | _a20000918d2000 |||y0rusy50 ca | ||
| 101 | 0 | _arus | |
| 102 | _aRU | ||
| 105 | _aa ||||||||| | ||
| 200 | 1 |
_aЖитейские драмы. Новые русские истории _f[Авт. и ред.-сост. Анна Саед-Шах] |
|
| 210 |
_aМ. _cВеч. Москва _d2000 |
||
| 215 |
_a63 с. _cил. _d16 |
||
| 225 | 1 |
_aБиблиотечка концерна "Вечерняя Москва" _vВып. N 7 |
|
| 517 | 0 | _aНовые русские истории | |
| 686 | _aШ6(2=Р)75-440.5 | ||
| 686 | _aШ6(2=Р)75-94 | ||
| 702 | 1 |
_4070 _8rus _7ca _aСаед-Шах _bА.Ю. _gАнна Юрьевна _3RU\NLR\auth\7710117 _9119901 |
|
| 801 | 0 |
_aRU _bNLR _c20000918 _gPSBO |
|
| 801 | 1 |
_aRU _bNLR _c20000918 |
|
| 852 |
_aNLR _j2000-2/1662 |
||
| 942 | _cBOOK | ||
| 980 | _aNB | ||